LEADER 01495nam 2200409 450 001 000018269 005 20070119021650.0 010 $a88-420-3495-9 100 $a20050405d2002----km-y0itay0103----ba 101 0 $aita 102 $aIT 200 1 $aLibri, editori e pubblico nel mondo antico$eguida storica e critica$fa cura di Guglielmo Cavallo 200 1 $a1 $n0000023 205 $a3. ed. 210 $aRoma-Bari$cLaterza$d2002 215 $aXXIII, 166 p., [8] c. di tav.$cill.$d21 cm. 225 2 $aBiblioteca universale Laterza$v297 410 0$12001$aBiblioteca universale Laterza 606 $aLibri$xStoria$zSec. 5. a. C.-6. 606 $aCommercio librario$zSec. 5. a. C.-6. 676 $a002.0938$v(21. ed.)$9Il libro. Grecia antica 702 1$aCavallo,$bGuglielmo 801 0$aIT$bUniversitŕ della Basilicata - B.I.A.$gRICA$2unimarc 912 $a000018269 996 $aLibri, editori e pubblico nel mondo antico$956510 997 $aUNIBAS BAS $aLETTERE CAT $aSTD038$b01$c20050405$lBAS01$h1034 CAT $c20050601$lBAS01$h1756 CAT $abatch$b01$c20050718$lBAS01$h1053 CAT $c20050718$lBAS01$h1112 CAT $c20050718$lBAS01$h1143 CAT $c20050718$lBAS01$h1157 CAT $aATR$b20$c20070119$lBAS01$h0216 CAT $aBATCH$b00$c20070503$lBAS01$h1730 FMT Z30 -1$lBAS01$LBAS01$mBOOK$1BASA1$APolo Storico-Umanistico$2GEN$BCollezione generale$3FP/100798$6100798$5L100798$820050405$f02$FPrestabile Generale LEADER 00918nam--2200337---450- 001 990000560890203316 035 $a0056089 035 $aUSA010056089 035 $a(ALEPH)000056089USA01 035 $a0056089 100 $a20010712d1968----km-y0itay0103----ba 101 $afre 102 $aFR 105 $a||||||||001yy 200 1 $aCalcul infinitésimal 210 $aParis$cHermann$d1968 215 $a479 p.$cill.$d22 cm 225 2 $aCollection Méthodes$v8 410 $12001$aCollection Méthodes$v8 676 $a515.33 700 1$aDIEUDONNÉ,$bJean$0440723 801 0$aIT$bsalbc$gISBD 912 $a990000560890203316 951 $a500 ME 8$b2742 CBS$c500 ME$d00102895 959 $aBK 969 $aSCI 979 $aPATTY$b90$c20010712$lUSA01$h1105 979 $c20020403$lUSA01$h1705 979 $aPATRY$b90$c20040406$lUSA01$h1639 996 $aCalcul infinitésimal$943019 997 $aUNISA